| Tag |
First Indicator |
Second Indicator |
Subfields |
| LEADER |
00000cam a2200000 4500 |
| 001 |
in00000035918 |
| 005 |
20151007063544.0 |
| 008 |
720719s1966 nbu 00000 eng u |
| 010 |
|
|
|a 65019466
|
| 035 |
|
|
|a (OCoLC)00359931
|
| 035 |
|
|
|9 AAD7669AM
|
| 040 |
|
|
|c WSU
|d OCL
|d TXA
|d UtOrBLW
|
| 049 |
|
|
|a TXAM
|c [463936]
|
| 050 |
0 |
0 |
|a PR3671.S8
|b A79 1966
|
| 092 |
|
|
|a 822
|b S524v
|
| 100 |
1 |
|
|a Shadwell, Thomas,
|d 1642?-1692.
|
| 245 |
1 |
4 |
|a The virtuoso /
|c Edited by Marjorie Hope Nicolson and David Stuart Rodes.
|
| 264 |
|
1 |
|a Lincoln :
|b University of Nebraska Press,
|c [1966]
|
| 300 |
|
|
|a xxvi, 153 pages ;
|c 22 cm.
|
| 336 |
|
|
|a text
|b txt
|2 rdacontent
|
| 337 |
|
|
|a unmediated
|b n
|2 rdamedia
|
| 338 |
|
|
|a volume
|b nc
|2 rdacarrier
|
| 490 |
1 |
|
|a Regents restoration drama series
|
| 700 |
1 |
|
|a Nicolson, Marjorie Hope,
|d 1894-1981.
|
| 700 |
1 |
|
|a Rodes, David Stuart.
|
| 830 |
|
0 |
|a Regents restoration drama series.
|
| 999 |
|
|
|a MARS
|
| 999 |
f |
f |
|s 2d2575b2-7bd7-37d5-9243-98169f53977d
|i b0002f19-b481-30f7-96ea-7f21db62d96c
|t 0
|
| 952 |
f |
f |
|p normal
|a Texas A&M University
|b College Station
|c Sterling C. Evans Library
|d Evans: Library Stacks
|t 0
|e PR3671.S8 A79 1966
|h Library of Congress classification
|i unmediated -- volume
|m A14801299594
|
| 998 |
f |
f |
|a PR3671.S8 A79 1966
|t 0
|l Evans: Library Stacks
|